Civil list: Indian administrative service and Indian Police Service (as on 1st January, 1957) (Record no. 19816)
[ view plain ]
| 000 -LEADER | |
|---|---|
| fixed length control field | 00303nam a2200097Ia 4500 |
| 082 ## - DEWEY DECIMAL CLASSIFICATION NUMBER | |
| Classification number | 354 |
| Item number | CIV |
| 245 #0 - TITLE STATEMENT | |
| Title | Civil list: Indian administrative service and Indian Police Service (as on 1st January, 1957) |
| 260 ## - PUBLICATION, DISTRIBUTION, ETC. (IMPRINT) | |
| Name of publisher | Ministry of Home affairs |
| 942 ## - ADDED ENTRY ELEMENTS (KOHA) | |
| Koha item type | Books |
| Withdrawn status | Lost status | Damaged status | Not for loan | Home library | Current library | Date acquired | Full call number | Accession Number | Koha item type |
|---|---|---|---|---|---|---|---|---|---|
| RRII Library | RRII Library | 16/12/2021 | 354 CIV | 00546 | Books |